• 首页
  • 本馆介绍
  • 公告通知
  • 最新文献
  • 馆藏检索
  • 电子资源
  • 读者导购
  • 参考咨询
  • 我的图书馆
  • 登录
  • 详细信息显示
  • 放入我的书架
  • 预约/预借图书
  • 作者相关作品
  • 分类相关作品
  • 丛书相关作品
  • 出版社相关作品

书目信息

  • 表格格式
  • 工作单格式
  • 卡片格式
题名:
伯格曼论电影
    
 
作者: 伯格曼 著 ;韩良忆 译
分册:  
出版信息: 桂林   广西师范大学出版社  2003
页数: 309页
开本: 23cm
丛书名: 贝贝特艺术广场·电影馆系列
单 册:
中图分类: J911
科图分类:
主题词: 导演--电影--理论
电子资源:
ISBN: 7-5633-4008-4
000 01066oam2 2200277 45
001 05002426088
005 20060105094859.81
010    @a7-5633-4008-4@dCNY19.80
092    @aCN
100    @a20040420d2003 ekmy0chiy0120 ea
101 1  @achi@cswe
102    @aCN@b450000
105    @aa z 000yy
200 1  @a伯格曼论电影@Abo ge man lun dian ying@f(瑞典)英格玛·伯格曼著@F(Rui Dian)Ying Ge Ma·Bo Ge Man Zhu@g韩良忆等译
210    @a桂林@c广西师范大学出版社@d2003
215    @a309页@c照片@d23cm
225 2  @a贝贝特艺术广场·电影馆系列@v5
330    @a本书反映了经过数十年沉淀,伯格曼在此将那些已深入他灵魂、他的内心甚至他的五脏六腑的情感,再度挖掘出来,重新检视这四十年来在面对创作时曾经有过的欢愉、热情、挫败与折磨,去发现自己隐藏的或不愿面对的自我。
410    @12001 @a贝贝特艺术广场·电影馆系列
600  0 @a伯格曼@c(Bergman, Ingmar@f1918~)@x电影导演@x导演艺术
606 0  @a导演@x电影@x理论
690    @aJ911@v4
701  0 @a伯格曼@4著
702  0 @a韩良忆@Ahan liang yi deng@4译
801  0 @aCN@bCXYBOOK@c20060105
905    @a10447@dJ911@e104
    
    伯格曼论电影/(瑞典)英格玛·伯格曼著/韩良忆等译.-桂林:广西师范大学出版社,2003
    309页:照片;23cm.-(贝贝特艺术广场·电影馆系列;5)
    
    
    ISBN 7-5633-4008-4:CNY19.80
    本书反映了经过数十年沉淀,伯格曼在此将那些已深入他灵魂、他的内心甚至他的五脏六腑的情感,再度挖掘出来,重新检视这四十年来在面对创作时曾经有过的欢愉、热情、挫败与折磨,去发现自己隐藏的或不愿面对的自我。
●
相关链接 在E读中查询图书 在五车中查询图书 在当当中查询图书 在豆瓣中查询图书


正题名:伯格曼论电影     索取号:J911/104         预约/预借

序号 登录号 条形码 馆藏地/架位号 状态 备注
1 0353654   3536542   第一样本阅览室/ [索取号:J911/104] 在馆    
2 0373792   203737929   第一借阅区/ [索取号:J911/104] 在馆    
3 0373793   203737938   第一借阅区/ [索取号:J911/104] 在馆    
4 0373794   203737947   第一借阅区/ [索取号:J911/104] 在馆    
5 0373795   203737956   第一借阅区/ [索取号:J911/104] 在馆    
6 0373796   203737965   第一借阅区/ [索取号:J911/104] 在馆    
唐山师范学院图书馆 欢迎您!
大连网信软件有限公司© 版权所有